L'Eix patrimonial del Llobregat / autors: Daniel Calatayud... [et al.] Daniel Calatayud... [et al.]
Descripción Física:
35 p. : il. ; 30 cm
Otros Autores:
Calatayud, Daniel
Materias:
Llobregat (Riu) -- Història
MARC
| LEADER | 00000nam a2200000Ia 4500 | ||
|---|---|---|---|
| 001 | 14468 | ||
| 008 | 160829s9999 xx 000 0 cat d | ||
| 080 | |a FU-22-6 | ||
| 245 | |a L'Eix patrimonial del Llobregat / autors: |b Daniel Calatayud... [et al.] | ||
| 260 | |a [Barcelona] : |b Diputació de Barcelona, DL 2000 | ||
| 300 | |a 35 p. : |b il. ; |c 30 cm | ||
| 650 | |a Llobregat (Riu) |x Història |9 35353 | ||
| 700 | |a Calatayud, Daniel |9 35354 | ||
| 710 | 1 | |a Barcelona (Catalunya : Província). |b Diputació |9 52408 | |
| 901 | |a Arxiu | ||
| 942 | |n 1 | ||
| 952 | |0 0 |1 0 |4 0 |6 FU226 |7 1 |9 46862 |a Arxiu |b Arxiu |d 2016-12-01 |l 0 |o FU-22-6 |p 14468 |r 2016-12-01 00:00:00 |w 2016-12-01 |y ARXIU | ||
| 999 | |c 50655 |d 50655 | ||